| 000 | 01127nam a2200325 i 4500 | ||
|---|---|---|---|
| 001 | 000004518 | ||
| 003 | DO-SdBNP | ||
| 005 | 20260317090101.0 | ||
| 007 | ta | ||
| 008 | 090723s2007 dr abcd 001 0 spa d | ||
| 020 | _a9789945161144 | ||
| 040 |
_aDO-SdBNP _bspa _cBNPHU _erda |
||
| 041 | _aspa | ||
| 082 | 4 |
_a621.453 _bS194i _222 |
|
| 100 | 0 |
_aSánchez, César, _eautor _4aut. _913203 |
|
| 245 | 1 | 0 |
_aIniciación a la gnomónica dominicana / _cCésar Sánchez ; edición, Diógenes Céspedes |
| 264 | 4 |
_aSanto Dominicana : _bFundación Amigos del Museo de las Casas Reales, _c©2007. |
|
| 300 |
_a331 páginas : _bilustraciones, gráficos, retratos, tablas ; _c23 cm. |
||
| 336 |
_atexto _btxt _2rdacontent |
||
| 337 |
_asin mediación _bn _2rdamedia |
||
| 338 |
_avolumen _bnc _2rdacarrier |
||
| 500 | _aIncluye datos biográficos en la solapa en la cubierta. | ||
| 504 | _aBibliografía: páginas 316-319. | ||
| 590 | _aInventariado, 2018/DG | ||
| 650 | 4 |
_aRelojes de sol _913204 |
|
| 650 | 4 |
_aHorología _913205 |
|
| 650 | 4 |
_aCronometría _913206 |
|
| 910 | _aValidado. Control de la calidad EMS | ||
| 942 |
_2ddc _cLBS1 |
||
| 999 |
_c4327 _d4327 |
||